<?xml version="1.0" encoding="UTF-8"?>
<record
    xmlns:xsi="http://www.w3.org/2001/XMLSchema-instance"
    xsi:schemaLocation="http://www.loc.gov/MARC21/slim http://www.loc.gov/standards/marcxml/schema/MARC21slim.xsd"
    xmlns="http://www.loc.gov/MARC21/slim">

  <leader>02863nam a22003017a 4500</leader>
  <controlfield tag="003">UA-OsUOA</controlfield>
  <controlfield tag="001"> 94857 </controlfield>
  <controlfield tag="007">ta</controlfield>
  <controlfield tag="008">20130218b un ||||| |||| 00| 0 ukr d</controlfield>
  <datafield tag="090" ind1=" " ind2=" ">
    <subfield code="a">82-92</subfield>
    <subfield code="b">&#x413;15</subfield>
  </datafield>
  <datafield tag="942" ind1=" " ind2=" ">
    <subfield code="c">BK</subfield>
  </datafield>
  <datafield tag="040" ind1=" " ind2=" ">
    <subfield code="a">UA-OsUOA</subfield>
    <subfield code="b">ukr</subfield>
    <subfield code="c">UA-OsUOA</subfield>
    <subfield code="d">UA-OsUOA</subfield>
  </datafield>
  <datafield tag="245" ind1=" " ind2=" ">
    <subfield code="a">&#x413;&#x430;&#x43B;&#x438;&#x446;&#x44C;&#x43A;&#x438;&#x439; &#x423;&#x441;&#x435;-&#x421;&#x432;&#x456;&#x442;</subfield>
    <subfield code="b">&#x43D;&#x435;&#x437;&#x430;&#x43B;&#x435;&#x436;&#x43D;&#x438;&#x439; &#x43A;&#x443;&#x43B;&#x44C;&#x442;&#x443;&#x440;&#x43E;&#x43B;&#x43E;&#x433;&#x456;&#x447;&#x43D;&#x438;&#x439; &#x447;&#x430;&#x441;&#x43E;&#x43F;&#x438;&#x441; "&#x407;"</subfield>
    <subfield code="c">&#x433;&#x43E;&#x43B;. &#x440;&#x435;&#x434;. &#x422;. &#x412;&#x43E;&#x437;&#x43D;&#x44F;&#x43A;</subfield>
  </datafield>
  <datafield tag="300" ind1=" " ind2=" ">
    <subfield code="a">450 &#x441;.</subfield>
  </datafield>
  <datafield tag="955" ind1=" " ind2=" ">
    <subfield code="a">2</subfield>
  </datafield>
  <datafield tag="041" ind1=" " ind2=" ">
    <subfield code="a">ukr</subfield>
  </datafield>
  <datafield tag="080" ind1=" " ind2=" ">
    <subfield code="a">82-92</subfield>
  </datafield>
  <datafield tag="520" ind1="3" ind2=" ">
    <subfield code="a">&#x417;&#x43C;&#x456;&#x441;&#x442;:&#x406;&#x440;&#x438;&#x43D;&#x430; &#x41C;&#x430;&#x433;&#x434;&#x438;&#x448; &#x2014; &#x413;&#x430;&#x43B;&#x438;&#x446;&#x44C;&#x43A;&#x438;&#x439; &#x411;&#x430;&#x43B;&#x44C;&#x437;&#x430;&#x43A;&#x422;&#x430;&#x440;&#x430;&#x441; &#x412;&#x43E;&#x437;&#x43D;&#x44F;&#x43A; &#x2014; &#x421;&#x435;&#x43C;&#x430;&#x43D;&#x442;&#x438;&#x447;&#x43D;&#x456; &#x43F;&#x440;&#x43E;&#x441;&#x442;&#x43E;&#x440;&#x438; &#x43C;&#x456;&#x441;&#x442;&#x430;&#x406;&#x432;&#x430;&#x43D; &#x424;&#x440;&#x430;&#x43D;&#x43A;&#x43E; &#x2014; &#x420;&#x443;&#x442;&#x435;&#x43D;&#x446;&#x456;. &#x422;&#x438;&#x43F;&#x438; &#x433;&#x430;&#x43B;&#x438;&#x446;&#x44C;&#x43A;&#x438;&#x445; &#x440;&#x443;&#x441;&#x438;&#x43D;&#x456;&#x432;&#x42E;&#x437;&#x435;&#x444; &#x428;&#x443;&#x439;&#x441;&#x44C;&#x43A;&#x438;&#x439; &#x2014; &#x41F;&#x43E;&#x43B;&#x44F;&#x43A;&#x438; &#x456; &#x440;&#x443;&#x441;&#x438;&#x43D;&#x438; &#x432; &#x413;&#x430;&#x43B;&#x438;&#x447;&#x438;&#x43D;&#x456;&#x41C;&#x430;&#x440;'&#x44F;&#x43D;&#x430; &#x41B;&#x435;&#x432;&#x438;&#x446;&#x44C;&#x43A;&#x430; &#x2014; &#x41F;&#x43E;&#x440;&#x442;&#x440;&#x435;&#x442; &#x43C;&#x456;&#x441;&#x442;&#x430;&#x410;&#x43B;&#x456;&#x441;&#x430; &#x412;&#x430;&#x441;&#x456;&#x43B;&#x44C;&#x454;&#x432;&#x430;, &#x41E;&#x43B;&#x44C;&#x433;&#x430; &#x410;&#x440;&#x442;&#x435;&#x43C;&#x435;&#x43D;&#x43A;&#x43E; &#x2014; &#x424;&#x440;&#x430;&#x43D;&#x43A;</subfield>
  </datafield>
  <datafield tag="520" ind1="3" ind2=" ">
    <subfield code="a">&#x43E;. &#x422;&#x43E;&#x43F;&#x43E;&#x43D;&#x456;&#x43C;&#x456;&#x43A;&#x430;&#x42E;&#x440;&#x43A;&#x43E; &#x41F;&#x440;&#x43E;&#x445;&#x430;&#x441;&#x44C;&#x43A;&#x43E; &#x2014; &#x413;&#x430;&#x43B;&#x438;&#x446;&#x44C;&#x43A;&#x438;&#x439; &#x433;&#x440;&#x430;&#x444;&#x406;&#x440;&#x438;&#x43D;&#x430; &#x41A;&#x43E;&#x442;&#x43B;&#x43E;&#x431;&#x443;&#x43B;&#x430;&#x442;&#x43E;&#x432;&#x430; &#x2014; &#x41A;&#x43D;&#x438;&#x433;&#x430;&#x440;&#x456;&#x415;&#x43D;&#x446;&#x438;&#x43A;&#x43B;&#x43E;&#x43F;&#x435;&#x434;&#x456;&#x44F; &#x433;&#x430;&#x43B;&#x438;&#x446;&#x44C;&#x43A;&#x438;&#x445; &#x442;&#x438;&#x43F;&#x456;&#x432;. &#x415;&#x43F;&#x43E;&#x445;&#x430; &#x424;&#x440;&#x430;&#x43D;&#x43A;&#x430;* &#x444;&#x43B;&#x430;&#x43D;&#x435;&#x440;* &#x491;&#x43E;&#x491;&#x443;&#x441;&#x44C;* &#x440;&#x443;&#x441;&#x44C;&#x43A;&#x438;&#x439; &#x43F;&#x430;&#x442;&#x440;&#x456;&#x43E;&#x442;* &#x444;&#x440;&#x430;&#x43D;&#x446; &#x439;&#x43E;&#x441;&#x438;&#x444; I &#x433;&#x430;&#x431;&#x441;&#x431;&#x443;&#x440;&#x491;* &#x43A;&#x430;&#x43D;&#x446;&#x435;&#x43B;&#x456;&#x441;&#x442;* &#x431;&#x443;&#x440;&#x43C;&#x456;&#x441;&#x442;&#x440;* &#x432;&#x456;&#x437;&#x438;&#x442;&#x435;&#x440;* &#x432;&#x438;&#x431;&#x43E;&#x440;&#x435;&#x446;&#x44C;* &#x432;&#x438;&#x431;&#x43E;&#x440;&#x447;&#x456; &#x433;&#x456;&#x454;&#x43D;&#x438;</subfield>
  </datafield>
  <datafield tag="520" ind1="3" ind2=" ">
    <subfield code="a">* &#x43F;&#x440;&#x435;&#x437;&#x438;&#x434;&#x435;&#x43D;&#x442; &#x441;&#x443;&#x434;&#x443;* &#x441;&#x443;&#x434;&#x434;&#x44F;* &#x441;&#x443;&#x434;&#x456;&#x44F;* &#x43C;&#x435;&#x446;&#x435;&#x43D;&#x430;&#x441;* &#x431;&#x430;&#x43D;&#x43A;&#x43E;&#x432;&#x435;&#x446;&#x44C;* &#x444;&#x430;&#x431;&#x440;&#x438;&#x43A;&#x430;&#x43D;&#x442;* &#x456;&#x43D;&#x436;&#x435;&#x43D;&#x435;&#x440;* &#x442;&#x456;&#x440;&#x43E;&#x43B;&#x435;&#x446;&#x44C; &#x441;&#x445;&#x43E;&#x434;&#x443;* &#x437;&#x443;&#x43F;&#x430;&#x43A;* &#x432;&#x435;&#x442;&#x435;&#x440;&#x430;&#x43D;* &#x43F;&#x43E;&#x43B;&#x44C;&#x43E;&#x432;&#x430; &#x43F;&#x430;&#x442;&#x440;&#x456;&#x439;&#x43E;&#x442;&#x43A;&#x430;* &#x43F;&#x43E;&#x441;&#x43E;&#x43B; &#x434;&#x43E; &#x441;&#x435;&#x439;&#x43C;&#x443;* &#x441;&#x442;&#x430;&#x440;&#x438;&#x439; &#x43F;&#x440;&#x43E;&#x445;&#x430;&#x441;&#x44C;&#x43A;&#x43E;* &#x433;&#x456;&#x43C;&#x43D;&#x430;&#x437;&#x438;&#x441;&#x442;* &#x436;&#x456;&#x43D;&#x43A;&#x430; &#x43D;&#x430; &#x441;&#x442;&#x443;&#x434;&#x456;&#x44F;&#x445;* &#x43A;&#x430;&#x440;&#x442;&#x44F;&#x440;* &#x444;&#x443;&#x43D;&#x434;&#x430;&#x442;&#x43E;&#x440; &#x433;&#x456;&#x43C;&#x43D;&#x430;&#x437;&#x456;&#x457;* &#x43E;</subfield>
  </datafield>
  <datafield tag="520" ind1="3" ind2=" ">
    <subfield code="a">&#x442;&#x435;&#x446;&#x44C; &#x43A;&#x430;&#x442;&#x435;&#x445;&#x438;&#x442;* &#x432;&#x456;&#x434;&#x44C;&#x43C;&#x430;* &#x43F;&#x440;&#x43E;&#x444;&#x435;&#x441;&#x43E;&#x440;* &#x43C;&#x430;&#x442;&#x443;&#x440;&#x438;&#x441;&#x442;* &#x442;&#x435;&#x430;&#x442;&#x440;&#x430;&#x43B;* &#x43B;&#x44C;&#x43E;&#x439;&#x442;&#x43D;&#x430;&#x43D;&#x442;* &#x444;&#x440;&#x430;&#x43D;&#x43A;&#x43E;* &#x43A;&#x43E;&#x43B;&#x435;&#x43A;&#x446;&#x456;&#x43E;&#x43D;&#x435;&#x440;* &#x43A;&#x440;&#x430;&#x454;&#x437;&#x43D;&#x430;&#x432;&#x435;&#x446;&#x44C;* &#x444;&#x440;&#x430;&#x43D;&#x43A;&#x43E;* &#x433;&#x440;&#x430;&#x444;&#x438;&#x43D;&#x44F;* &#x440;&#x435;&#x441;&#x43F;&#x435;&#x43A;&#x442;&#x43E;&#x432;&#x430;&#x43D;&#x430; &#x43F;&#x430;&#x43D;&#x43D;&#x430;* &#x434;&#x443;&#x43B;&#x44C;&#x441;&#x44C;&#x43A;&#x430;* &#x43F;&#x43E;&#x448;&#x43B;&#x44E;&#x431;&#x43D;&#x438;&#x446;&#x44F;* &#x43C;&#x43E;&#x440;&#x491;&#x435;&#x43D;&#x491;&#x430;&#x431;&#x435;* &#x442;&#x430;&#x454;&#x43C;&#x43D;&#x430; &#x43F;&#x430;&#x441;&#x456;&#x44F;* &#x431;&#x430;&#x43B;&#x44C;&#x43E;&#x432;&#x430; &#x43F;&#x430;&#x43D;&#x43D;&#x43E;&#x447;&#x43A;&#x430;* &#x447;&#x43E;&#x440;&#x43D;&#x430; &#x434;&#x430;&#x43C;&#x430;* &#x43F;&#x440;&#x43E;&#x441;</subfield>
  </datafield>
  <datafield tag="520" ind1="3" ind2=" ">
    <subfield code="a">&#x442;&#x430; &#x442;&#x443;&#x442;&#x43A;&#x430;* &#x431;&#x430;&#x431;&#x446;&#x44F;* &#x435;&#x491;&#x43E;&#x457;&#x441;&#x442;* &#x440;&#x43E;&#x433;&#x43E;&#x43D;&#x43E;&#x441;&#x435;&#x446;&#x44C;* &#x43A;&#x43E;&#x43B;&#x44F;&#x431;&#x43E;&#x440;&#x430;&#x43D;&#x442;* &#x440;&#x435;&#x43D;&#x435;&#x491;&#x430;&#x442;* &#x440;&#x430;&#x441;&#x438;&#x441;&#x442;&#x430;* &#x436;&#x438;&#x434;&#x456;&#x432;&#x441;&#x44C;&#x43A;&#x430; &#x434;&#x438;&#x442;&#x438;&#x43D;&#x430;* &#x433;&#x430;&#x43D;&#x434;&#x435;&#x43B;&#x435;&#x441;* &#x446;&#x438;&#x433;&#x430;&#x43D;* &#x43A;&#x43E;&#x440;&#x447;&#x43C;&#x430;&#x440;* &#x43F;&#x438;&#x44F;&#x43A;* &#x444;&#x430;&#x43D;&#x442;&#x430;&#x437;&#x435;&#x440;* &#x441;&#x44C;&#x432;&#x456;&#x440;&#x43A;&#x41E;&#x43B;&#x435;&#x441;&#x44C; &#x411;&#x435;&#x440;&#x435;&#x436;&#x43D;&#x438;&#x439; &#x2014; &#x421;&#x43D;&#x456;&#x434;&#x430;&#x43D;&#x43E;&#x43A; &#x443; &#x41B;&#x44C;&#x432;&#x43E;&#x432;&#x456;&#x411;&#x43E;&#x433;&#x434;&#x430;&#x43D; &#x412;&#x43E;&#x43B;&#x43E;&#x448;&#x438;&#x43D; &#x2014; &#x424;&#x440;&#x430;&#x43D;&#x43A;&#x43E;&#x432;&#x456; &#x434;&#x456;&#x442;&#x438;&#x41B;&#x44E;&#x434;&#x43C;&#x438;&#x43B;&#x430; &#x41E;&#x441;&#x442;&#x440;&#x44F;&#x43A;&#x43E;&#x432;&#x430; &#x2014; &#x406;</subfield>
  </datafield>
  <datafield tag="520" ind1="3" ind2=" ">
    <subfield code="a">&#x432;&#x430;&#x43D;&#x443; &#x424;&#x440;&#x430;&#x43D;&#x43A;&#x443;, &#x437; &#x43B;&#x44E;&#x431;&#x43E;&#x432;'&#x44E;</subfield>
  </datafield>
  <datafield tag="260" ind1=" " ind2=" ">
    <subfield code="a">&#x41B;&#x44C;&#x432;&#x456;&#x432;</subfield>
    <subfield code="b">&#x407;</subfield>
    <subfield code="c">2006</subfield>
  </datafield>
  <datafield tag="250" ind1=" " ind2=" ">
    <subfield code="n">&#x447;&#x438;&#x441;&#x43B;&#x43E; 42</subfield>
  </datafield>
  <datafield tag="650" ind1=" " ind2="7">
    <subfield code="a">82 &#x41B;&#x456;&#x442;&#x435;&#x440;&#x430;&#x442;&#x443;&#x440;&#x430;. &#x41B;&#x456;&#x442;&#x435;&#x440;&#x430;&#x442;&#x443;&#x440;&#x43E;&#x437;&#x43D;&#x430;&#x432;&#x441;&#x442;&#x432;&#x43E;</subfield>
    <subfield code="2">UDC</subfield>
  </datafield>
  <datafield tag="999" ind1=" " ind2=" ">
    <subfield code="c">381124</subfield>
    <subfield code="d">381124</subfield>
  </datafield>
  <datafield tag="952" ind1=" " ind2=" ">
    <subfield code="0">0</subfield>
    <subfield code="1">0</subfield>
    <subfield code="2">udc</subfield>
    <subfield code="4">0</subfield>
    <subfield code="7">0</subfield>
    <subfield code="a">102</subfield>
    <subfield code="b">102</subfield>
    <subfield code="d">2013-02-18</subfield>
    <subfield code="e">7/2013</subfield>
    <subfield code="g">15.00</subfield>
    <subfield code="i">141553</subfield>
    <subfield code="l">0</subfield>
    <subfield code="o">82-92 &#x413;15</subfield>
    <subfield code="p">141553</subfield>
    <subfield code="r">2021-11-08 00:00:00</subfield>
    <subfield code="w">2013-02-18</subfield>
    <subfield code="y">BK</subfield>
  </datafield>
  <datafield tag="952" ind1=" " ind2=" ">
    <subfield code="0">0</subfield>
    <subfield code="1">0</subfield>
    <subfield code="2">udc</subfield>
    <subfield code="4">0</subfield>
    <subfield code="7">0</subfield>
    <subfield code="a">101</subfield>
    <subfield code="b">101</subfield>
    <subfield code="d">2014-04-25</subfield>
    <subfield code="e">19/2014</subfield>
    <subfield code="g">15.00</subfield>
    <subfield code="i">145474</subfield>
    <subfield code="l">0</subfield>
    <subfield code="o">82-92 &#x413;15</subfield>
    <subfield code="p">145474</subfield>
    <subfield code="r">2022-02-10 00:00:00</subfield>
    <subfield code="w">2013-02-18</subfield>
    <subfield code="y">BK</subfield>
  </datafield>
</record>
